000
00294nam a22001337a 4500
008
170601b xxu||||| |||| 00| 0 eng d
020
_a
9780801423734
041
_a
eng
080
_a
94
100
_a
17
101
_a
SHH
245
_a
WHY SYRIA GOES TO WAR
_c
LAWSON.F.H
942
_2
udc
_c
BK
999
_c
15398
_d
15398